|
|
|
|
| LEADER |
00971nam a2200193 a 4500 |
| 008 |
100601s2003 bg b 000 0 eng d |
| 020 |
|
|
|a 9848820272
|
| 040 |
|
|
|a BD-DhAAL
|c BD-DhAAL
|d BD-DhAAL
|
| 082 |
0 |
0 |
|a 070/.92/2
|2 22
|
| 100 |
1 |
0 |
|a জামান, মীর মাসরুর.
|
| 245 |
1 |
0 |
|a মানবিক আবেদনমূলক প্রতিবেদন ও ফিচার /
|c মীর মাসরুর জামান.
|
| 260 |
|
|
|a ঢাকা :
|b ম্যাস লাইন মিডিয়া সেন্টার,
|c ২০০৩
|
| 300 |
|
|
|a ১৯১ পৃ. ;
|c ২২ সে.মি.
|
| 504 |
|
|
|a গ্রন্থপঞ্জি (পৃ. ১৯১)
|
| 541 |
1 |
|
|e 00020108
|
| 650 |
|
0 |
|a Feature Stories
|
| 852 |
4 |
|
|a Ayesha Abed Library
|j General shelf
|
| 999 |
|
|
|c 8787
|d 8787
|
| 952 |
|
|
|0 0
|1 0
|2 ddc
|4 0
|6 070_000000000000000__92_2_ZAM_2003
|7 0
|9 10654
|a BRACUL
|b BRACUL
|c GEN
|d 2010-06-03
|l 3
|m 6
|o 070.922 ZAM
|p 3010020108
|r 2025-12-22
|s 2025-11-09
|t 1
|w 2010-06-03
|y BK
|